[Event "Pardubice Czech op-A 23rd"]
[Site "Pardubice"]
[Date "2012.07.25"]
[Round "6"]
[White "Goebel, Constantin"]
[Black "Moritz, Aron"]
[Result "0-1"]
[WhiteElo "2266"]
[BlackElo "2104"]
[PlyCount "104"]
[EventDate "2012.07.12"]
[EventType "swiss"]
[EventRounds "9"]
[EventCountry "CZE"]
[SourceTitle "CBM 149 Extra"]
[Source "ChessBase"]
[SourceDate "2012.08.24"]
[SourceVersion "1"]
[SourceVersionDate "2012.08.24"]
[SourceQuality "1"]

1. e4 c5 2. Nf3 d6 3. d4 cxd4 4. Nxd4 Nf6 5. Nc3 Bd7 6. Bg5 e6 7. Qd2 a6 8. f4 Be7 9. 0-0-0 b5 10. a3 Nc6 11. Bxf6 gxf6 12. Nxc6 Bxc6 13. f5 Qb6 14. Be2 h5 15. Bf3 Qc5 16. Rhe1 a5 17. Qe2 b4 18. Nb1 Bf8 19. Rd3 Bb5 20. fxe6 fxe6 21. e5 Bxd3 22. Qxd3 Rc8 23. Qg6+ Kd7 24. exf6 Qf5 25. Qf7+ Kd8 26. Be4 Qg5+ 27. Kd1 Qe5 28. Qa7 Qc5 29. Qf7 b3 30. Nc3 bxc2+ 31. Kxc2 Qf2+ 32. Kd1 Qxb2 33. Re3 Rxc3 34. Rxc3 Qxc3 35. Qa7 Qa1+ 36. Ke2 Qb2+ 37. Ke1 Qc1+ 38. Ke2 Qb2+ 39. Ke1 Qa1+ 40. Ke2 Qa2+ 41. Ke1 d5 42. Bd3 Qa1+ 43. Ke2 Qb2+ 44. Kd1 Qb3+ 45. Ke2 Bd6 46. Qxa5+ Bc7 47. Qa8+ Qb8 48. Qc6 Qb2+ 49. Kd1 Qa1+ 50. Ke2 Qxf6 51. Bb5 Qe5+ 52. Kd1 Qd6 0-1

[Event "Karl Mala Memorial op 15th"]
[Site "Frankfurt"]
[Date "2012.07.07"]
[Round "4"]
[White "Galkin, Wladislaw"]
[Black "Goebel, Constantin"]
[Result "0-1"]
[WhiteElo "2101"]
[BlackElo "2266"]
[PlyCount "98"]
[EventDate "2012.07.05"]
[EventType "swiss"]
[EventRounds "7"]
[EventCountry "GER"]
[SourceTitle "CBM 149 Extra"]
[Source "ChessBase"]
[SourceDate "2012.08.24"]
[SourceVersion "1"]
[SourceVersionDate "2012.08.24"]
[SourceQuality "1"]

1. c4 Nf6 2. g3 e6 3. Bg2 d5 4. Nf3 dxc4 5. Ne5 Qd4 6. Nf3 Qc5 7. Na3 c6 8. 0-0 Be7 9. Qc2 b5 10. d3 cxd3 11. Qxd3 Bb7 12. Bg5 0-0 13. Rac1 Qb6 14. Be3 Qd8 15. Qb3 a6 16. Rfd1 Qc7 17. Ng5 h6 18. Nh3 Nbd7 19. Nf4 c5 20. Bh3 Qc6 21. Bg2 Qc8 22. Nxe6 fxe6 23. Qxe6+ Rf7 24. Bh3 Bf8 25. Bf5 Qe8 26. Qxe8 Rxe8 27. Bg6 Nd5 28. Nc2 Ne5 29. Bxf7+ Kxf7 30. Bf4 Nc4 31. b3 Ncb6 32. Rd2 Re6 33. Ne3 Re4 34. Nf5 c4 35. f3 Bc5+ 36. Kf1 Re6 37. e4 Nxf4 38. gxf4 Rf6 39. Ke2 a5 40. a4 b4 41. bxc4 Bc6 42. Ne3 Rxf4 43. Nd5 Rh4 44. Nxb6 Rxh2+ 45. Kd3 Rxd2+ 46. Kxd2 Bxb6 47. c5 Bc7 48. Kd3 Bxa4 49. Kc4 Bc6 0-1